Parque regional Chiltepe

El propósito primordial del proyecto es el establecer un esquema general, tendiente a la conservación, uso y desarrollo de los recursos naturales que posee la Península de Chiltepe, así como la definición de las necesidades humanas que la misma podría satisfacer.

Bibliographic Details
Main Author: Norori Argüello, Roberto Antonio
Other Authors: Tutor: Sandoval Peña, Armando
Format: Tesis Section = Libro
Language:Undetermined
Spanish
Published: Managua Universidad Nacional Autónoma de Nicaragua (UNAN) 1977
Subjects:
LEADER 00932nam a2200205Ia 4500
008 240830s9999 xx 000 0 und d
040 |a BIBLIOTECA-RUSB/ Mon 712.5 N852 
041 |a spa 
082 |a Mon 712.5 N852 
100 1 |a Norori Argüello, Roberto Antonio 
245 1 0 |a Parque regional Chiltepe 
260 |a Managua  |b Universidad Nacional Autónoma de Nicaragua (UNAN)  |c 1977 
300 |a 245 p. :il. 
502 |a Tesis (Arquitecto) - Universidad Nacional Autónoma de Nicaragua (UNAN), 1977. 
520 3 |a El propósito primordial del proyecto es el establecer un esquema general, tendiente a la conservación, uso y desarrollo de los recursos naturales que posee la Península de Chiltepe, así como la definición de las necesidades humanas que la misma podría satisfacer.  
650 7 |a PARQUES Y LUGARES PUBLICOS I 
700 1 |a Tutor:  |b Sandoval Peña, Armando 
942 |c BK  |2 ddc 
991 |a TESIS 
999 |c 21088